Understanding the political economy of the Arab uprisings

This book analyzes the political and economic forces that shaped the Arab uprisings of 2010-2011 and the challenges that emerged in their aftermath. It examines the interests, roles, and constraints of key social and political actors involved in democratic transitions and reform efforts. The contrib...

Ausführliche Beschreibung

Gespeichert in:
Bibliographische Detailangaben
Weitere Verfasser: Diwan, Ishac
Format: Buch
Sprache:Vietnamese
Veröffentlicht: Singapore World Scientific 2014
Schlagworte:
Tags: Tag hinzufügen
Keine Tags, Fügen Sie den ersten Tag hinzu!
Thư viện lưu trữ: Thư viện Trường Đại học Nam Cần Thơ
LEADER 01361nam a22002057a 4500
001 NCT_4_028455
008 251101b xxu||||| |||| 00| 0 vie d
999 |c 9422  |d 9422 
020 |a 9789814596008  |c $111.00 
082 0 4 |2 23rd ed.  |a 909  |b U55T 
245 0 0 |a Understanding the political economy of the Arab uprisings   |c edited by Ishac Diwan 
260 |a Singapore  |b World Scientific  |c 2014 
300 |a xv, 288 p.  |c 25 cm 
504 |a Includes bibliographical references and index. 
520 3 |a This book analyzes the political and economic forces that shaped the Arab uprisings of 2010-2011 and the challenges that emerged in their aftermath. It examines the interests, roles, and constraints of key social and political actors involved in democratic transitions and reform efforts. The contributors explore the roots of the uprisings, the dynamics of political change, the role of Arab capitalism, and lessons drawn from countries such as Indonesia, Turkey, and Iran. The volume offers a comparative perspective on the trajectory of the Middle East following the protest movements. 
653 |a Tham khảo 
700 1 |a Diwan, Ishac 
942 |2 ddc  |c BK 
952 |0 0  |1 0  |2 ddc  |4 0  |6 909_000000000000000_U55T  |7 0  |9 31558  |a 000001  |b 000001  |d 2025-11-01  |o 909 U55T  |p TK.05758  |r 2025-11-01  |v 111.00  |w 2025-11-01  |y BK 
980 |a Thư viện Trường Đại học Nam Cần Thơ